000 00823cam a22001934a 4500
005 20250605164355.0
008 250528s ||||||||||||||||||||||||d
035 _a24287
040 _aGR-AtMCL
_bgre
_dGR-AtMCL
_eAACR2
245 1 _aThe Future of Marine Propulsion is Lightweight
260 _c2019
300 _a42
520 _aDNV GL AIP for LNG Wozmax, Dutch Win New LNG Conversion, First Bulker Hybrid Installation, Samsung Heavy Obtains ESS TA, Leader Briefing, Market Report, Design for Performance, Ship Description, Mk10 Portfolio Extension, Variable Compression Ratios, Frequency Beating Solution, Meeting Market Needs, Pumping Up the Pressure.
700 1 _aEdstrom Nick
_99444
942 _cCR
710 2 _aMotorship Propulsion And Future Fuels Conference
_99835
999 _c9177
_d9177